000 00437nam a2200193Ia 4500
008 210210b1905 xxu||||| |||| 00| 0 eng d
041 _aeng
082 _a444/227
100 _aGUERBER (H A)
245 _aContes et legends: book one
260 _aLondon
_bGeorge G Harrap & Co Ltd.
_c1905
650 _aone
650 _alegends:
650 _aet
650 _aContes
650 _abook
690 _aFrench
906 _a006422
999 _c129377
_d129377